000 00456nam a2200157Ia 4500
008 090124s9999 xx 000 0 und d
082 _b33491
245 _a ओशो विचारमंथन
250 _a1
260 _bकुंटे माधवी
_c2006
300 _a224
630 _a ओशो विचारमंथन
700 _aभोसले राजन.
730 _a ओशो विचारमंथन
942 _cBOOK
999 _c181014
_d181014